Odgadnij w jakim klubie nie grał ten piłkarz - Statystyki

Ogólne statystyki
  • Ten quiz został rozwiązany 68 razy
  • Średni wynik to 8 z 13
Statystyki odpowiedzi
Zagadnienie Odpowiedź % Poprawnych
Arkadiusz Milik AC Milan
100%
Kevin De Bruyne Borussia Mönchengladbach
100%
Antoine Griezmann Real Betis
100%
Keylor Navas Real Valladolid CF
100%
Didier Drogba AS Saint-Étienne
50%
N'Golo Kanté EA Guingamp
50%
Jakub Blaszczykowski FC Augsburg
50%
Romelu Lukaku FC Brügge
50%
Zlatan Ibrahimović Feyenoord Rotterdam
50%
Luka Modric HNK Hajduk Split
50%
Thibaut Courtois KAA Gent
50%
Sadio Mané Stade Rennais FC
50%
Ronaldinho FC Sao Paulo
0%
Nie znaleziono quizów pasujących do podanych kryteriów
Rozkład punktacji
Procent ludzi z każdym wynikiem
Percentyl według liczby udzielonych odpowiedzi
Twoja historia wyników
Nie rozwiązałeś tego quizu